| Поле |
Инд. |
ПП |
Название |
Значение |
|
|
|
Тип записи |
a |
|
|
|
Библиографический уровень |
a |
| 001 |
|
|
Контрольный номер |
079a095c3e394e6aae6e1df34171f560 |
| 005 |
|
|
Дата корректировки |
20240606102535.7 |
| 100 |
|
a |
Данные общей обработки |
20210330 ||| 0rusy0189 ca |
| 101 |
0_ |
a |
Язык текста |
rus |
| 102 |
|
a |
Страна публикации |
RU |
| 200 |
1_ |
a |
Заглавие |
О перспективах реформирования гражданского процессуального законодательства в области проверочной деятельности судов по делам, возникающим из публичных правоотношений |
|
|
b |
Общее обозначение материала |
Электронный ресурс |
| 203 |
|
a |
Вид содержания |
Текст : электронный |
| 300 |
|
a |
Общие примечания |
Чтение статьи доступно в Источнике |
| 336 |
|
a |
Примечание о виде электронного ресурса |
PDF |
| 461 |
_0 |
1 |
|
2000 |
|
|
a |
|
Российское правосудие |
| 463 |
_0 |
1 |
|
2000 |
|
|
a |
|
№ 10 |
|
|
b |
|
Текст |
|
|
v |
|
С. 34-41 |
|
|
1 |
|
2101 |
|
|
d |
|
2009 |
|
|
1 |
|
00150acfdd139bd47b7b83bc668be0d154b |
| 606 |
|
a |
Основная рубрика |
Право. Юридические науки |
|
|
x |
Основная подрубрика |
Гражданское процессуальное право |
|
|
x |
Основная подрубрика |
Гражданский процесс |
| 610 |
0_ |
a |
Ключевые слова |
КАССАЦИОННОЕ ПРОИЗВОДСТВО |
|
|
a |
Ключевые слова |
ПЕРЕСМОТР СУДЕБНЫХ АКТОВ |
|
|
a |
Ключевые слова |
ПУБЛИЧНЫЕ ПРАВООТНОШЕНИЯ |
|
|
a |
Ключевые слова |
РГУП. |
| 700 |
_1 |
a |
Фамилия |
Никитин |
|
|
b |
Имя |
С.В. |
| 701 |
_1 |
a |
Фамилия |
Юсупов |
|
|
b |
Имя |
Т.Б. |
| 801 |
_0 |
a |
Страна |
RU |
|
|
b |
Организация |
РГУП |
|
|
c |
Дата составления |
20210330 |
|
|
g |
Правила каталогизации |
PSBO |
| 801 |
_1 |
a |
Страна |
RU |
|
|
b |
Организация |
РГУП |
|
|
c |
Дата составления |
20210330 |
|
|
g |
Правила каталогизации |
PSBO |
| 901 |
|
t |
Тип документа |
b |
|
|
w |
Контрольный № источника |
50acfdd139bd47b7b83bc668be0d154b |
| 905 |
|
a |
Дата ввода |
20210330 |
| 952 |
|
k |
Публикации кафедры |
Гражданского и административного судопроизводства |